00965nam a2200229Ia 450000500170000000800410001702000220005805000220008010000270010224501810012926000330031030000160034333700100035933800140036933900120038350000220039565000740041770001210049194200070061295200990061999900170071820231102151445.0121028s9999 xx 000 0 und d a978-607-7686-08-8 aTK5105.8 V66 200910aGÓMEZ López, Julio aVoIP y Asterisk : redescubriendo la telefonía c/ coordinadores: Julio Gómez López, Francisco Gil Montoya ; autores de capítulo: Alfredo Alcayde García ... [y otros.] aMéxico b: Alfaomegac2009 a329 paginas atexto asin medio avolumen aIncluye contenido aAsterisk (Programa para computadora) Telefonía por internet  aGómez López, Julio, editor Gil Montoya, Francisco, editor Alcayde García, Alfredo, colaborador Ì cLB 00104070a14b14d2010-11-25l0oTK5105.8 V66 2009p14 003208r2012-10-28t1w2012-10-28yLB c85729d85729